000 01469nam a2200337 i 4500
003 EG-GICUC
005 20260331144213.0
008 260331s2015 ua ||||fr|||| 000 0 ara d
040 _a EG-GICUC
_bara
_c EG-GICUC
_d EG-GICUC
_erda
041 0 _aara
082 0 4 _221
_a253.26
_bع ب . ز
092 0 4 _221
099 _aLaw1 01 253.26 ع ب . ز 2015
100 0 _aعبدالله محمد حلمي عيسى.
_eمؤلف.
245 1 0 _aزوائد المبيع الدائرة بين البائع والمشتري :
_bدراسة فقهية مقارنة /
_cعبدالله محمد حلمي عيسى.
264 1 _aبنها :
_bجامعة بنها،
_c2015.
300 _a53 صفحة ؛
_c24 سم.
336 _2rda content
_atext
337 _2rda media
_aComputer
338 _2rda carrier
_aOnline Resource
500 _aمستلة من مجلة الفكر القانوني والاقتصادي - مجلة نصف سنوية محكمة تصدرها كلية الحقوق - جامعة بنها السنة الخامسة - العدد الثالث عشر - 2015
504 _aببليوجرافيا: صفحات.45 - 53
504 _aيشتمل على إرجاعات ببليوجرافية.
546 _aالنص باللغة العربية
650 1 _aالمعاملات
_2qrmak
650 1 _aانواع أخري
651 1 _2qrmak
856 4 0 _uhttps://fll.law.cu.edu.eg/fulltext/bks/B01-06439.pdf
905 _a62
942 _2ddc
_n0
_cBK
_e21
999 _c67798
_d67798